[Event "CHN-chB"]
[Site "Hangzhou"]
[Date "2019.07.03"]
[Round "4"]
[White "Wang, Xinyuan"]
[Black "Li, Shanglin B"]
[Result "1/2-1/2"]
[WhiteElo "2060"]
[BlackElo "1853"]
[PlyCount "59"]
[EventDate "2019.07.02"]
[EventType "swiss"]
[EventRounds "11"]
[EventCountry "CHN"]
[SourceTitle "CBM 191 Extra"]
[Source "ChessBase"]
[SourceDate "2019.09.30"]
[SourceVersion "1"]
[SourceVersionDate "2019.09.30"]
[SourceQuality "1"]

1. c4 Nf6 2. Nc3 g6 3. g3 c6 4. e4 d5 5. cxd5 cxd5 6. e5 Ne4 7. Bg2 Nc6 8. f4 Bf5 9. d4 h5 10. Nxe4 dxe4 11. Ne2 e6 12. 0-0 Qb6 13. Be3 Rd8 14. Nc3 Qxb2 15. Nxe4 Be7 16. Rb1 Qa3 17. Qe2 Rd7 18. Nf6+ Bxf6 19. Rxb7 Nxd4 20. Bxd4 Rxb7 21. Bxb7 Be7 22. Qb5+ Kf8 23. Qa6 Qb4 24. Bxa7 Qd2 25. Rf2 Qc1+ 26. Qf1 Qa3 27. Qa6 Qc1+ 28. Qf1 Qa3 29. Qa6 Qc1+ 30. Qf1 1/2-1/2

[Event "CHN-chB"]
[Site "Jiangmen"]
[Date "2018.07.21"]
[Round "8"]
[White "Lin, Yi1111"]
[Black "Wang, Xinyuan"]
[Result "1/2-1/2"]
[WhiteElo "2371"]
[BlackElo "2052"]
[PlyCount "48"]
[EventDate "2018.07.18"]
[EventType "swiss"]
[EventRounds "11"]
[EventCountry "CHN"]
[SourceTitle "CBM 185 Extra"]
[Source "ChessBase"]
[SourceDate "2018.07.29"]
[SourceVersion "1"]
[SourceVersionDate "2018.07.29"]
[SourceQuality "1"]

1. d4 Nf6 2. c4 e6 3. Nf3 b6 4. g3 Bb7 5. Bg2 Bb4+ 6. Bd2 Qe7 7. 0-0 Bxd2 8. Qxd2 0-0 9. Nc3 d6 10. Rfd1 Ne4 11. Qc2 Nxc3 12. Qxc3 Nd7 13. d5 Qf6 14. Nd4 e5 15. Nc2 a5 16. Na3 Ba6 17. Nb5 Bxb5 18. cxb5 Nc5 19. b3 Qf5 20. e3 e4 21. Qc4 Qe5 22. Qd4 Rfe8 23. Rac1 f5 24. Rc3 Ra7 1/2-1/2

[Event "GER-chT Lands U20"]
[Site "Hannover"]
[Date "2017.10.04"]
[Round "7.8"]
[White "Peglau, Mirjam"]
[Black "Wang, Xinyuan"]
[Result "1-0"]
[WhiteElo "1595"]
[BlackElo "1745"]
[PlyCount "135"]
[EventDate "2017.09.29"]
[EventType "team-swiss"]
[EventRounds "7"]
[EventCountry "GER"]
[SourceTitle "EXT 2018"]
[Source "ChessBase"]
[SourceDate "2017.10.13"]
[SourceVersion "1"]
[SourceVersionDate "2017.10.13"]
[SourceQuality "1"]
[WhiteTeam "Sachsen U20"]
[BlackTeam "Baden U20"]
[WhiteTeamCountry "GER"]
[BlackTeamCountry "GER"]

1. e4 c5 2. Nf3 a6 3. c4 b6 4. Nc3 Bb7 5. d4 cxd4 6. Nxd4 e6 7. a3 Qc7 8. Be3 d6 9. Be2 Nf6 10. f3 Nbd7 11. 0-0 Be7 12. Rc1 Rc8 13. Qd2 Qb8 14. Rfd1 Bd8 15. b3 Bc7 16. h3 0-0 17. Bf1 Rfd8 18. Qf2 Re8 19. Qb2 d5 20. exd5 exd5 21. Bf2 Bf4 22. Rc2 dxc4 23. Bxc4 b5 24. Bf1 Ne5 25. Nce2 Ng6 26. Nxf4 Qxf4 27. Ne2 Qg5 28. Rxc8 Bxc8 29. Qd2 Qxd2 30. Rxd2 Be6 31. b4 Ne5 32. Rd6 Bc8 33. Ng3 Nc4 34. Bxc4 bxc4 35. Rc6 Be6 36. Rxa6 Rc8 37. b5 c3 38. b6 c2 39. Be3 c1Q+ 40. Bxc1 Rxc1+ 41. Kh2 Rc8 42. b7 Rb8 43. Ra8 Nd7 44. Ne4 Bd5 45. Nc5 Rxa8 46. bxa8Q+ Bxa8 47. Nxd7 Bc6 48. Ne5 Bb5 49. Kg3 f6 50. Ng4 Kf7 51. Kf2 Ke6 52. Ne3 g6 53. Nc2 Kd5 54. Ne3+ Kd4 55. Ng4 f5 56. Nf6 h6 57. Ng8 Bc4 58. Nxh6 Ke5 59. g4 Kf6 60. f4 Kg7 61. g5 Kf8 62. h4 Ke7 63. Ke3 Kd6 64. Kd4 Bd5 65. Nxf5+ gxf5 66. h5 Bf7 67. g6 Be8 68. a4 1-0

[Event "GER-ch U12"]
[Site "Willingen"]
[Date "2017.06.05"]
[Round "3"]
[White "Bethke, Richard"]
[Black "Wang, Xinyuan"]
[Result "0-1"]
[WhiteElo "2151"]
[BlackElo "1594"]
[PlyCount "34"]
[EventDate "2017.06.04"]
[EventType "swiss"]
[EventRounds "11"]
[EventCountry "GER"]
[SourceTitle "CBM 178 Extra"]
[Source "ChessBase"]
[SourceDate "2017.06.22"]
[SourceVersion "1"]
[SourceVersionDate "2017.06.22"]
[SourceQuality "1"]

1. e4 c5 2. Nf3 a6 3. Nc3 e6 4. d4 cxd4 5. Nxd4 Qc7 6. Bd3 Nf6 7. 0-0 d6 8. Qe2 Nbd7 9. Kh1 Be7 10. f4 0-0 11. Bc4 Nc5 12. e5 dxe5 13. fxe5 Nfd7 14. b4 Nxe5 15. bxc5 Qxc5 16. Nb3 Qxc4 17. Qxe5 Qxf1# 0-1

[Event "GER-ch U12"]
[Site "Willingen"]
[Date "2017.06.04"]
[Round "2"]
[White "Wang, Xinyuan"]
[Black "Laux, Dominik"]
[Result "1-0"]
[WhiteElo "1594"]
[BlackElo "1786"]
[PlyCount "59"]
[EventDate "2017.06.04"]
[EventType "swiss"]
[EventRounds "11"]
[EventCountry "GER"]
[SourceTitle "CBM 178 Extra"]
[Source "ChessBase"]
[SourceDate "2017.06.22"]
[SourceVersion "1"]
[SourceVersionDate "2017.06.22"]
[SourceQuality "1"]

1. d4 d5 2. c4 c6 3. Nf3 Nf6 4. Nc3 e6 5. e3 Nbd7 6. Bd3 dxc4 7. Bxc4 b5 8. Bd3 a6 9. 0-0 c5 10. Bc2 Bb7 11. Re1 Be7 12. e4 Rc8 13. d5 b4 14. dxe6 fxe6 15. Na4 e5 16. Ng5 Rc6 17. b3 0-0 18. Bd3 Qe8 19. Bc4+ Kh8 20. Ne6 Rd6 21. Qc2 Nxe4 22. Nxf8 Nxf8 23. Rxe4 Qg6 24. f3 Rf6 25. Re2 Bxf3 26. Qxg6 Rxg6 27. Rf2 e4 28. Bf7 Rf6 29. gxf3 Rxf7 30. fxe4 1-0

[Event "GER-chT U12"]
[Site "Magdeburg"]
[Date "2015.12.29"]
[Round "5.2"]
[White "Brockhoff, Moritz"]
[Black "Wang, Xinyuan"]
[Result "1-0"]
[WhiteElo "1497"]
[BlackElo "1255"]
[PlyCount "55"]
[EventDate "2015.12.27"]
[EventType "team-swiss"]
[EventRounds "7"]
[EventCountry "GER"]
[SourceTitle "EXT 2017"]
[Source "ChessBase"]
[SourceDate "2016.10.25"]
[SourceVersion "1"]
[SourceVersionDate "2016.10.25"]
[SourceQuality "1"]
[WhiteTeam "Paderborn Blauer Springer"]
[BlackTeam "Hohentuebingen"]
[WhiteTeamCountry "GER"]
[BlackTeamCountry "GER"]

1. d4 Nf6 2. c4 e6 3. Nc3 Bb4 4. a3 Bxc3+ 5. bxc3 b6 6. f3 c5 7. e4 d6 8. Be3 Ba6 9. Bf4 Nh5 10. Bg3 Nxg3 11. hxg3 Nc6 12. Qa4 Qd7 13. Qxa6 cxd4 14. Qa4 dxc3 15. Ne2 c2 16. Qxc2 Na5 17. Nd4 Rc8 18. c5 Rxc5 19. Qxc5 dxc5 20. Bb5 cxd4 21. Bxd7+ Kxd7 22. Ke2 h6 23. Kd3 Rc8 24. Rac1 Rf8 25. Rc2 e5 26. Rhc1 Kd6 27. Rc7 Nb3 28. R1c6# 1-0

[Event "GER-chT U12"]
[Site "Magdeburg"]
[Date "2015.12.28"]
[Round "4.2"]
[White "Wang, Xinyuan"]
[Black "Blinov, Sergei"]
[Result "1-0"]
[WhiteElo "1255"]
[BlackElo "1214"]
[PlyCount "87"]
[EventDate "2015.12.27"]
[EventType "team-swiss"]
[EventRounds "7"]
[EventCountry "GER"]
[SourceTitle "EXT 2017"]
[Source "ChessBase"]
[SourceDate "2016.10.25"]
[SourceVersion "1"]
[SourceVersionDate "2016.10.25"]
[SourceQuality "1"]
[WhiteTeam "Hohentuebingen"]
[BlackTeam "Ende"]
[WhiteTeamCountry "GER"]
[BlackTeamCountry "GER"]

1. d4 Nf6 2. Nf3 g6 3. c4 Bg7 4. Bg5 0-0 5. Nc3 d6 6. e4 Nbd7 7. Be2 h6 8. Be3 e5 9. 0-0 Ne8 10. Qd2 Kh7 11. Ne1 f5 12. f3 f4 13. Bf2 Nef6 14. Nc2 h5 15. Rfd1 Bh6 16. h3 Rg8 17. Qd3 g5 18. Nd5 g4 19. hxg4 hxg4 20. Nxf6+ Nxf6 21. dxe5 Ne8 22. exd6 g3 23. Bc5 Qh4 24. Kf1 Qh1+ 25. Bg1 cxd6 26. e5+ Kh8 27. exd6 Bf8 28. c5 b6 29. b4 Bd7 30. Qe4 Rb8 31. Qxf4 Bh6 32. Qe5+ Bg7 33. Qxg3 Bxa1 34. Qh2+ Qxh2 35. Bxh2 Bf6 36. Rd5 Rg7 37. Bd3 Rd8 38. Ne3 Be6 39. Rh5+ Kg8 40. Ng4 Bg5 41. Be5 Bxg4 42. Bc4+ Kf8 43. Rh8+ Rg8 44. Rxg8# 1-0

[Event "GER-chT U12"]
[Site "Magdeburg"]
[Date "2015.12.27"]
[Round "2.2"]
[White "Wang, Xinyuan"]
[Black "Mueller, Marvin"]
[Result "1/2-1/2"]
[WhiteElo "1255"]
[BlackElo "1536"]
[PlyCount "94"]
[EventDate "2015.12.27"]
[EventType "team-swiss"]
[EventRounds "7"]
[EventCountry "GER"]
[SourceTitle "EXT 2017"]
[Source "ChessBase"]
[SourceDate "2016.10.25"]
[SourceVersion "1"]
[SourceVersionDate "2016.10.25"]
[SourceQuality "1"]
[WhiteTeam "Hohentuebingen"]
[BlackTeam "Hamburger SK"]
[WhiteTeamCountry "GER"]
[BlackTeamCountry "GER"]

1. d4 d5 2. c4 c6 3. Nf3 Nf6 4. Nc3 Bf5 5. Bf4 e6 6. Qb3 Qb6 7. e3 Qxb3 8. axb3 Nbd7 9. c5 b6 10. b4 Be7 11. Be2 0-0 12. 0-0 Rfe8 13. Ra3 a5 14. Rfa1 bxc5 15. bxc5 Bd8 16. h3 Nf8 17. Ne5 Re7 18. Nxc6 Rb7 19. Nb5 Ng6 20. Bg3 Ne4 21. Nxd8 Rxd8 22. Rxa5 Nxg3 23. fxg3 h6 24. Nd6 Rxb2 25. Nxf5 Rxe2 26. Nd6 Rxe3 27. R5a3 Re2 28. Rc1 Ne7 29. Rf3 f6 30. Nb5 Rb2 31. Nc7 Kf7 32. Re3 Rb7 33. Nxe6 Rc8 34. Nf4 Nc6 35. Rd3 Rbc7 36. Kf2 Rd7 37. g4 Ne7 38. Re1 Nc6 39. Re6 Nb4 40. Rd2 Nc6 41. Rd6 Rxd6 42. cxd6 Rd8 43. Ke3 Rxd6 44. Rc2 Ne7 45. g3 Rb6 46. Rd2 Rd6 47. h4 Rd7 1/2-1/2

[Event "CHN-chB"]
[Site "Zhongshan"]
[Date "2015.07.19"]
[Round "6"]
[White "Wang, Xinyuan"]
[Black "Li, Di"]
[Result "0-1"]
[WhiteElo "2153"]
[BlackElo "2298"]
[PlyCount "83"]
[EventDate "2015.07.17"]
[EventType "swiss"]
[EventRounds "11"]
[EventCountry "CHN"]
[SourceTitle "CBM 167 Extra"]
[Source "ChessBase"]
[SourceDate "2015.09.14"]
[SourceVersion "1"]
[SourceVersionDate "2015.09.14"]
[SourceQuality "1"]

1. c4 Nf6 2. Nc3 g6 3. g3 d5 4. cxd5 Nxd5 5. Bg2 Nxc3 6. bxc3 Bg7 7. Qb3 Nd7 8. Nf3 c5 9. 0-0 0-0 10. d3 Nb6 11. a4 c4 12. dxc4 Qc7 13. Nd4 Nxc4 14. Nb5 Qc5 15. Ba3 Nxa3 16. Qxa3 Qe5 17. e4 a6 18. Nd4 Qc7 19. Rab1 Rd8 20. Qb4 e5 21. Nc2 Bf8 22. Qb6 Qxb6 23. Rxb6 Bc5 24. Rbb1 Rd2 25. Ne1 f6 26. Nf3 Ra2 27. Ne1 Rxa4 28. Nd3 Ba7 29. Nb4 Be6 30. Nd5 Bxd5 31. exd5 b5 32. Ra1 Bc5 33. Rxa4 bxa4 34. Rb1 Ra7 35. Bf1 Kf8 36. Bc4 Ke7 37. Kf1 f5 38. f3 Kd6 39. Ke2 Kc7 40. Kd3 a3 41. Ke2 Kd6 42. Kd2 0-1